00469nam a2200157Ia 4500008004100000020001800041050002600059100002300085245003100108250001000139260004400149300001800193440003300211500003200244650003500276120626s9999 xx 000 0 und d a968-16-0963-804aPQ7297.C2393 A19 19761 aCARBALLIDO, Emilio10aTeatro cEmilio Carballido a2a Ed aMéxico bFondo de Cultura Econòmica a277 páginas a(Colección popular ; 159 ) aContiene: Índice general17a-Teatro-estudio y enseñanza.